000 00735nam a2200181 4500
001 121863
003 ES-MaACL
005 20230906191840.0
007 t|
008 070214s1951 sp r ||||1| spa d
100 1 _aPosac Mon, Carlos F.
_993314
245 1 0 _aIndustrias prehistóricas en la zona oriental del protectorado de España de Marruecos
_b: el yacimiento del Kerker /
_cCarlos F. Posac Mon.
260 _aTetuán :
_bEditorial Marroquí,
_c1951.
300 _a60 p., 8 lám. ;
_c21 cm.
500 _aPrecede al Tit : Instituto General Franco de Estudios e Investigación Hispano-Arabe.
710 2 _aInstituto General Franco de Estudios e Investigación Hispano-Árabe.
_9149197
852 _aES-MaACL
_j1993-F-6
_bR.38848
999 _c121863
_d121863